[Event "Accession Vitrolles 2017/2018"]
[Site "Vitrolles"]
[Date "2017.09.30"]
[Round "1"]
[White "Beraud, Robert"]
[Black "Montanelli, Tristan"]
[Result "1-0"]
[WhiteElo "1667"]
[BlackElo "1630"]
[PlyCount "107"]

1. e4 d5 2. exd5 Qxd5 3. Nc3 Qd6 4. d4 Nf6 5. Nf3 c6 6. h3 Bf5 7. Bc4 e6 8. O-O
h6 9. Re1 Be7 10. Bb3 Nbd7 11. Ne2 Qc7 12. Bf4 Bd6 13. Bxd6 Qxd6 14. Ng3 Bh7
15. Qe2 O-O 16. Rad1 Rfe8 17. Ne5 Nd5 18. c4 N5f6 19. c5 Qe7 20. Nc4 Red8 21.
Nd6 Nf8 22. Ngf5 Qd7 23. Ne3 b5 24. Ng4 Nxg4 25. Qxg4 Bg6 26. f4 Nh7 27. Qf3
Nf6 28. g4 Nd5 29. f5 Bh7 30. fxe6 fxe6 31. Bxd5 exd5 32. Re5 Rf8 33. Qg3 Rf6
34. Rde1 Bg6 35. Re7 Qd8 36. Qe5 Qa5 37. Ne8 Bxe8 38. Rxe8+ Rxe8 39. Qxe8+ Kh7
40. a3 Qd2 41. Qe3 Qxe3+ 42. Rxe3 a5 43. b4 Kg6 44. bxa5 Kg5 45. Re5+ Kh4 46.
Kg2 g6 47. a6 h5 48. a7 Rf8 49. Re7 hxg4 50. Rh7+ Kg5 51. h4+ Kf4 52. Rf7+ Rxf7
53. a8=Q Rf6 54. Qb8+ 1-0

[Event "Accession Vitrolles 2017/2018"]
[Site "Vitrolles"]
[Date "2017.09.30"]
[Round "1"]
[White "Urcun, Gael"]
[Black "Thiers, Jean-Jacques"]
[Result "1-0"]
[WhiteElo "1721"]
[BlackElo "1669"]
[PlyCount "45"]

1. e4 e5 2. Bc4 Bc5 3. Nc3 Nf6 4. d3 Nc6 5. f4 d6 6. Nf3 Be6 7. Nd5 Bxd5 8.
exd5 Nd4 9. c3 Nxf3+ 10. Qxf3 Qe7 11. fxe5 Qxe5+ 12. Qe2 Qxe2+ 13. Kxe2 O-O 14.
d4 Bb6 15. Bg5 Rae8+ 16. Kd3 Ne4 17. Be3 c5 18. dxc6 bxc6 19. Rhf1 d5 20. Bb3
Re6 21. Rf3 Rfe8 22. c4 Rd6 23. c5 1-0

[Event "Accession Vitrolles 2017/2018"]
[Site "Vitrolles"]
[Date "2017.09.30"]
[Round "1"]
[White "Rasolo, Loick"]
[Black "Scamaroni, Jean-Paul"]
[Result "1-0"]
[WhiteElo "1734"]
[BlackElo "1595"]
[PlyCount "63"]

1. e4 c5 2. Nf3 d6 3. Bb5+ Bd7 4. Bxd7+ Qxd7 5. c4 g6 6. O-O Bg7 7. d4 cxd4 8.
Nxd4 Nc6 9. Be3 Nf6 10. Nc3 a6 11. h3 Rc8 12. b3 O-O 13. Qd2 Rfd8 14. Rac1 e6
15. Rfd1 Qc7 16. Nxc6 Qxc6 17. f3 Ne8 18. Ne2 Qc7 19. Qb4 Qb8 20. Rd2 b5 21.
Rdc2 Bf8 22. Qa5 Qb7 23. Bb6 Rd7 24. cxb5 Rxc2 25. Rxc2 axb5 26. Qxb5 Rc7 27.
Rxc7 Nxc7 28. Qa5 Na8 29. Be3 d5 30. Qd8 dxe4 31. Bc5 Kg7 32. Bxf8+ 1-0

[Event "Accession Vitrolles 2017/2018"]
[Site "Vitrolles"]
[Date "2017.09.30"]
[Round "1"]
[White "Battaglia, Gerard"]
[Black "Duval, Jean-Pierre"]
[Result "1/2-1/2"]
[WhiteElo "1739"]
[BlackElo "1692"]
[PlyCount "49"]

1. d4 Nf6 2. c4 e6 3. Nf3 b6 4. g3 Bb7 5. Bg2 Bb4+ 6. Bd2 Bxd2+ 7. Nbxd2 O-O 8.
Qc2 d5 9. Ne5 Nbd7 10. Rd1 c5 11. Nxd7 Qxd7 12. dxc5 bxc5 13. cxd5 Nxd5 14. Ne4
Qb5 15. O-O Nb4 16. Qb1 Qb6 17. Rd7 Bc6 18. Ng5 g6 19. Rd6 Rfd8 20. Rfd1 Rxd6
21. Rxd6 Rd8 22. Qd1 Rxd6 23. Qxd6 Bxg2 24. Qxb6 axb6 25. Kxg2 1/2-1/2

[Event "Accession Vitrolles 2017/2018"]
[Site "Vitrolles"]
[Date "2017.09.30"]
[Round "1"]
[White "Madranges, Jean"]
[Black "Derien, Robert"]
[Result "1-0"]
[WhiteElo "1767"]
[BlackElo "1582"]
[PlyCount "97"]

1. d4 Nf6 2. Bf4 d5 3. e3 Nbd7 4. Bd3 c5 5. c3 Qb6 6. Qc1 h6 7. Nf3 Nh5 8. Bg3
Nxg3 9. hxg3 Nf6 10. Nbd2 cxd4 11. exd4 g5 12. Nxg5 Ng4 13. Ndf3 Bg7 14. Nh3
Bd7 15. O-O Qc7 16. Re1 e6 17. Nf4 O-O-O 18. Nh5 Bf8 19. Ne5 Be8 20. Nxg4 f5
21. Ngf6 Bf7 22. Qe3 Bd6 23. c4 Bxh5 24. Qxe6+ Kb8 25. Nxh5 Rhg8 26. c5 Bxg3
27. fxg3 Rg5 28. Nf6 Qg7 29. Qe7 Qh8 30. Qxd8+ Qxd8 31. Re8 Qxe8 32. Nxe8 Rg4
33. Bxf5 Rxd4 34. a3 a5 35. Rc1 Rd2 36. Rc2 Rd1+ 37. Kf2 d4 38. Ke2 Rg1 39. Kd3
Rf1 40. g4 Rf4 41. Ng7 b5 42. cxb6 Kb7 43. Ne6 Rf1 44. Nxd4 Kxb6 45. Rc6+ Kb7
46. Rxh6 Rf2 47. Kc3 Rf4 48. g5 Ka7 49. g6 1-0

[Event "Accession Vitrolles 2017/2018"]
[Site "Vitrolles"]
[Date "2017.10.14"]
[Round "2"]
[White "Montanelli, Tristan"]
[Black "Derien, Robert"]
[Result "1-0"]
[WhiteElo "1630"]
[BlackElo "1582"]
[PlyCount "91"]

1. f4 d5 2. Nf3 c5 3. g3 Nc6 4. Bg2 Nf6 5. O-O Bg4 6. d3 g6 7. c3 Bg7 8. h3 Bc8
9. Qe1 O-O 10. e4 dxe4 11. dxe4 e5 12. fxe5 Nd7 13. e6 fxe6 14. Na3 Nde5 15.
Nxe5 Nxe5 16. Rxf8+ Qxf8 17. Qe2 a6 18. Be3 Bd7 19. Rf1 Qe7 20. Qf2 b6 21. Qd2
Rf8 22. Bf4 b5 23. Rd1 Bc8 24. Qe3 c4 25. Bxe5 Bxe5 26. Nc2 Qc7 27. Kh2 h5 28.
h4 Kg7 29. Rf1 Rd8 30. Nd4 Bf6 31. Kh1 Be5 32. Qg5 Re8 33. g4 hxg4 34. Qxg4
Bxd4 35. cxd4 e5 36. Qg3 Qe7 37. h5 g5 38. Qe3 exd4 39. Qxd4+ Qe5 40. Qa7+ Re7
41. Qb6 Qe6 42. Qd8 Bb7 43. Qf8+ Kh7 44. Rf6 Re8 45. Qh6+ Kg8 46. Rg6+ 1-0

[Event "Accession Vitrolles 2017/2018"]
[Site "Vitrolles"]
[Date "2017.10.14"]
[Round "2"]
[White "Duval, Jean-Pierre"]
[Black "Madranges, Jean"]
[Result "0-1"]
[WhiteElo "1692"]
[BlackElo "1767"]
[PlyCount "36"]

1. Nf3 d5 2. b3 Bg4 3. Ne5 Bf5 4. f4 Nd7 5. Bb2 e6 6. g3 Ngf6 7. Bg2 c6 8. Nxd7
Qxd7 9. Bxf6 gxf6 10. d4 c5 11. e3 Rc8 12. c4 cxd4 13. Qxd4 Bb4+ 14. Nd2 Qe7
15. Qxa7 O-O 16. Qd4 dxc4 17. Rd1 Rfd8 18. Qb6 c3 0-1

[Event "Accession Vitrolles 2017/2018"]
[Site "Vitrolles"]
[Date "2017.10.14"]
[Round "2"]
[White "Scamaroni, Jean-Paul"]
[Black "Battaglia, Gerard"]
[Result "0-1"]
[WhiteElo "1595"]
[BlackElo "1739"]
[PlyCount "84"]

1. d4 Nf6 2. c4 c5 3. d5 b5 4. cxb5 e6 5. Nc3 exd5 6. Nxd5 Bb7 7. Nxf6+ Qxf6 8.
Nf3 d5 9. g3 Bd6 10. Bg2 O-O 11. O-O Re8 12. Qd3 h6 13. Nh4 Qe6 14. Re1 Nd7 15.
Qf5 Nf6 16. Qxe6 Rxe6 17. Nf5 Bc7 18. Bd2 a6 19. bxa6 Bxa6 20. e3 Be5 21. Bc3
Bxc3 22. bxc3 Bd3 23. Nh4 Ra3 24. Rec1 Rea6 25. Bf1 Bxf1 26. Kxf1 Ne4 27. c4
Nd2+ 28. Ke1 Nb3 29. cxd5 Nxa1 30. Rxa1 Rxa2 31. Rc1 Rb2 32. Ng2 g5 33. e4 Raa2
34. Ne3 Rxf2 35. Ng4 Rfe2+ 36. Kf1 Kg7 37. Rxc5 Rxe4 38. h3 Rb4 39. Rc1 Rb3 40.
Rd1 Rf3+ 41. Ke1 Rxg3 42. Kf1 Rxh3 0-1

[Event "Accession Vitrolles 2017/2018"]
[Site "Vitrolles"]
[Date "2017.10.14"]
[Round "2"]
[White "Beraud, Robert"]
[Black "Urcun, Gael"]
[Result "0-1"]
[WhiteElo "1677"]
[BlackElo "1721"]
[PlyCount "82"]

1. e4 Nc6 2. Nf3 d6 3. c3 Nf6 4. d3 $2 (4. d4 $1 Nxe4 $2 5. d5 $1 e5 (5... Nb8
$4 6. Qa4+ c6 7. Qxe4) 6. dxc6 bxc6 7. Qc2 $18) 4... e5 5. Be2 Be7 6. O-O O-O
7. h3 Be6 8. Be3 $6 d5 $1 9. Nbd2 $1 h6 $11 10. a3 Qd7 11. Qc2 Bd6 12. Nb1 $2 (
12. Rfe1 $11) (12. Rfd1 $11) (12. exd5 Nxd5 13. Nc4 $11) 12... Rad8 $15 13. Nh2
$2 d4 14. Bd2 $17 (14. cxd4 exd4 15. Bd2 Bxh2+ 16. Kxh2 Nxe4 17. dxe4 Qd6+ 18.
f4 d3 19. Bxd3 Qxd3 20. Qxd3 Rxd3 21. f5 $15) 14... Bc5 15. b4 Bb6 $2 (15...
dxc3 16. Bxc3 Nd4 $17) 16. c4 $1 a6 17. Bf3 $15 (17. Bd1 Ba7 18. Nf3 Qd6 (18...
Bxh3 $2 19. gxh3 Qxh3 20. Nh2 Ne7 $14) 19. c5 Qe7 $11) 17... Ne7 18. c5 Ba7 19.
Be1 $6 Ng6 20. Nd2 c6 21. Nc4 $11 Bb8 22. Rd1 (22. Nb6 $5 Qe7 23. Bd2 $11)
22... Bc7 23. Bd2 $2 Nh4 24. Nb2 $4 Nxf3+ 25. Nxf3 Nh5 (25... Bxh3 26. gxh3
Qxh3 27. Nh2 Ng4 28. Nxg4 Qxg4+ 29. Kh2 f5 30. f3 Qh4+ 31. Kg2 Rf6 32. Qb3+ Kh8
33. Rf2 fxe4 34. dxe4 Rdf8 35. Kg1 $15) 26. Bc1 $15 f5 27. Qe2 (27. Nc4 fxe4
28. Nfxe5 Bxe5 29. Nxe5 Qd5 30. Ng6 Rfe8 31. dxe4 d3 32. Qd2 Qxe4 33. Nf4 Nxf4
34. Qxf4 Bb3 35. Qxe4 Rxe4 36. Rd2 $17) 27... fxe4 28. dxe4 $1 Nf4 29. Bxf4
Rxf4 $15 30. Nh2 $6 (30. Nd3 $11 Bc4 31. Qc2 Bxd3 32. Qxd3) 30... Rdf8 31. f3
$6 Qf7 32. Kh1 Bd8 33. Rd2 Bg5 34. Rdd1 Rf6 35. Ng4 $4 (35. Nd3 Bf4 36. Ng4
Bxg4 37. fxg4 $15) 35... Bxg4 $19 36. hxg4 h5 37. Qc4 hxg4 38. Qxf7+ R8xf7 39.
Nd3 $4 (39. Nc4 Rh6+ 40. Kg1 g3 41. Rd3 Rf8) 39... Rh6+ 40. Kg1 Be3+ 41. Nf2 g3
0-1

[Event "Accession Vitrolles 2017/2018"]
[Site "Vitrolles"]
[Date "2017.10.14"]
[Round "2"]
[White "Thiers, Jean-Jacques"]
[Black "Rasolo, Loick"]
[Result "1-0"]
[WhiteElo "1669"]
[BlackElo "1734"]
[PlyCount "117"]

1. e4 c5 2. Nf3 e6 3. d4 cxd4 4. Nxd4 a6 5. Nc3 Nc6 6. Be2 Nf6 7. a3 Be7 8. O-O
O-O 9. Kh1 d5 10. exd5 exd5 11. Bf3 Qb6 12. Be3 Qd8 13. Qd2 Ne5 14. Rad1 Nxf3
15. Nxf3 Be6 16. Nd4 Qc7 17. Bf4 Bd6 18. Bxd6 Qxd6 19. f3 Rad8 20. Rfe1 Rfe8
21. Nce2 Rd7 22. Nf4 Rde7 23. Nfxe6 fxe6 24. c3 {(=)} Qd7 25. Re5 Qd6 26. Rde1
Nd7 27. R5e2 g6 28. f4 Nf6 29. Nf3 Qb6 30. Qd4 Qxd4 31. Nxd4 Kf7 32. g3 Ne4 33.
Nf3 Nd6 34. Ne5+ Kg7 35. Kg2 Nf7 36. Kf3 Nxe5+ 37. Rxe5 Kf7 38. Ke3 Rc7 39. Kd3
Rc6 40. R1e2 b5 41. h4 a5 42. g4 Rd8 43. f5 gxf5 44. gxf5 exf5 45. Rxf5+ Kg6
46. Ree5 Rc5 47. h5+ Kg7 48. Re7+ Kg8 49. Rg5+ Kh8 50. Rgg7 d4 51. Rxh7+ Kg8
52. cxd4 Rcd5 53. Reg7+ Kf8 54. Rg4 b4 55. axb4 axb4 56. Rh8+ Ke7 57. Rxd8 Kxd8
58. Rh4 Rd7 59. h6 1-0

[Event "Accession Vitrolles 2017/2018"]
[Site "Vitrolles"]
[Date "2017.11.25"]
[Round "3"]
[White "Rasolo, Loick"]
[Black "Beraud, Robert"]
[Result "1-0"]
[WhiteElo "1734"]
[BlackElo "1677"]
[PlyCount "81"]

1. d4 Nf6 2. Nf3 g6 3. c4 Bg7 4. Nc3 O-O 5. e4 d6 6. Be2 e5 7. dxe5 dxe5 8. O-O
c6 9. Bg5 Qxd1 10. Raxd1 h6 11. Bxf6 Bxf6 12. Rd2 Be6 13. Rfd1 Na6 14. a3 Nc5
15. b4 Nb3 16. Rc2 Rad8 17. Rd3 Nd4 18. Nxd4 exd4 19. Na4 b6 20. f4 Be7 21. g4
c5 22. b5 Bc8 23. Bf3 Bb7 24. Kg2 f6 25. Re2 Rde8 26. Nb2 Bd6 27. f5 Re5 28.
Rd1 Rfe8 29. Rde1 R5e7 30. Nd3 Be5 31. h4 gxf5 32. exf5 Bxf3+ 33. Kxf3 Kf7 34.
g5 hxg5 35. hxg5 Bd6 36. g6+ Kg7 37. Rxe7+ Rxe7 38. Rxe7+ Bxe7 39. Nf4 Bd6 40.
Nh5+ Kh8 41. g7+ 1-0

[Event "Accession Vitrolles 2017/2018"]
[Site "Vitrolles"]
[Date "2017.11.25"]
[Round "3"]
[White "Madranges, Jean"]
[Black "Scamaroni, Jean-Paul"]
[Result "1-0"]
[WhiteElo "1767"]
[BlackElo "1595"]
[PlyCount "43"]

1. d4 Nf6 2. Bg5 Ne4 3. Bf4 g6 4. f3 Nf6 5. e4 d6 6. Nc3 Bg7 7. Qd2 h6 8. O-O-O
c6 9. Bd3 Nbd7 10. e5 dxe5 11. dxe5 Nd5 12. Nxd5 cxd5 13. e6 Nc5 14. exf7+ Kxf7
15. Nh3 Nxd3+ 16. Qxd3 e6 17. Rhe1 Qb6 18. Be5 Re8 19. Nf4 Bxe5 20. Qxg6+ Ke7
21. Rxe5 d4 22. Nd5+ 1-0

[Event "Accession Vitrolles 2017/2018"]
[Site "Vitrolles"]
[Date "2017.11.25"]
[Round "3"]
[White "Urcun, Gael"]
[Black "Montanelli, Tristan"]
[Result "0-1"]
[WhiteElo "1721"]
[BlackElo "1630"]
[PlyCount "214"]

1. e4 d5 2. exd5 Qxd5 3. Nc3 Qd6 4. d4 Nf6 5. Nf3 c6 6. Bc4 Bf5 7. O-O Nbd7 8.
g3 e6 9. Bf4 Qb4 10. Bb3 Bg4 11. Re1 Be7 12. Qd3 O-O 13. a3 Qa5 14. Ne5 Nxe5
15. Rxe5 Qd8 16. Ree1 Bf5 17. Qd2 Bd6 18. Bg5 h6 19. Bxf6 Qxf6 20. Ne4 Bxe4 21.
Rxe4 c5 22. c3 cxd4 23. Qxd4 Qxd4 24. Rxd4 Rfd8 25. Rad1 Be7 26. Rd7 Bf6 27.
Rxb7 Rxd1+ 28. Bxd1 g5 29. Bh5 a5 30. Bxf7+ Kf8 31. Bxe6 Be7 32. a4 Rd8 33. Rb5
Rd1+ 34. Kg2 Rd2 35. b3 Rc2 36. c4 Bb4 37. Kf3 Rc3+ 38. Kg4 Rxb3 39. c5 Rc3 40.
Kh5 Kg7 41. Bd7 Rxc5 42. Rb6 Rc2 43. Rg6+ Kf7 44. Rxh6 Rxf2 45. Kg4 Kg7 46. Rh5
Bd2 47. Bf5 Kf6 48. Rh6+ Ke5 49. Bd7 Kd4 50. h3 Ke5 51. Re6+ Kd4 52. Rg6 Ke5
53. Rxg5+ Bxg5 54. Kxg5 Rf7 55. Bb5 Rg7+ 56. Kh4 Rh7+ 57. Kg4 Rg7+ 58. Kf3 Rh7
59. h4 Rf7+ 60. Kg4 Rg7+ 61. Kh3 Rc7 62. h5 Kf5 63. Kh4 Rc1 64. Bd7+ Kf6 65.
Bb5 Rh1+ 66. Kg4 Rg1 67. Kf4 Rb1 68. g4 Rb4+ 69. Kg3 Kg5 70. Bd7 Rb3+ 71. Kf2
Rd3 72. Bb5 Rd4 73. Kf3 Rxg4 74. h6 Rh4 75. Ke3 {(=)} Kxh6 76. Kd3 Rb4 77. Kc3
Kg5 78. Kc2 Kf4 79. Kc3 Ke3 80. Kc2 Kd4 81. Kc1 Kc3 82. Kd1 Re4 83. Bc6 Rd4+
84. Kc1 Rg4 85. Kb1 Kb4 86. Kb2 Rg6 87. Bb5 Rg2+ 88. Kb1 Ka3 89. Kc1 Rb2 90.
Kd1 Kb3 91. Kc1 Rh2 92. Kd1 Kb2 93. Ke1 Kc2 94. Kf1 Kd2 95. Kg1 Rh7 96. Kf2 Re7
97. Kf3 Kc3 98. Kf2 Re5 99. Kf1 Kd2 100. Kf2 Rf5+ 101. Kg3 Kc3 102. Kg4 Rf8
103. Kg3 Kb4 104. Kg2 Rf5 105. Bc6 Ka3 106. Bd7 Rf4 107. Kg1 Rxa4 0-1

[Event "Accession Vitrolles 2017/2018"]
[Site "Vitrolles"]
[Date "2017.11.25"]
[Round "3"]
[White "Derien, Robert"]
[Black "Duval, Jean-Pierre"]
[Result "1/2-1/2"]
[WhiteElo "1582"]
[BlackElo "1692"]
[PlyCount "60"]

1. e4 c5 2. Nf3 d6 3. c3 Nf6 4. e5 dxe5 5. Nxe5 e6 6. Bb5+ Nbd7 7. Qa4 Bd6 8.
d4 O-O 9. Bg5 Nxe5 10. dxe5 Bxe5 11. O-O Bd7 12. Rd1 Qb6 13. Na3 Bxb5 14. Qxb5
Qxb5 15. Nxb5 a6 16. Bxf6 Bxf6 17. Nd6 b5 18. Ne4 c4 19. Nxf6+ gxf6 20. Rd7
Rfd8 21. Rad1 Rxd7 22. Rxd7 Kf8 23. Kf1 Ke8 24. Rd4 Rd8 25. Rxd8+ Kxd8 26. Ke2
Kd7 27. Ke3 e5 28. g4 Ke6 29. Ke4 h6 30. f3 a5 1/2-1/2

[Event "Accession Vitrolles 2017/2018"]
[Site "Vitrolles"]
[Date "2017.11.25"]
[Round "3"]
[White "Battaglia, Gerard"]
[Black "Thiers, Jean-Jacques"]
[Result "1-0"]
[WhiteElo "1739"]
[BlackElo "1669"]
[PlyCount "63"]

1. d4 d5 2. c4 e6 3. Nf3 Nf6 4. a3 c6 5. e3 Nbd7 6. Nc3 Bd6 7. Be2 O-O 8. O-O
Re8 9. b3 a6 10. Bb2 e5 11. cxd5 exd4 12. dxc6 dxc3 13. cxd7 Qxd7 14. Bxc3 Qe7
15. b4 Bd7 16. Qd4 Bc6 17. Rfd1 Rad8 18. Qh4 h6 19. Rac1 Ne4 20. Bb2 Qe6 21.
Nd4 Qa2 22. Nxc6 Bxh2+ 23. Kxh2 Rxd1 24. Rxd1 Qxb2 25. Ne7+ Kf8 26. Qxe4 Qxe2
27. Rd5 g6 28. Nxg6+ fxg6 29. Qxg6 Qc4 30. Qxh6+ Ke7 31. Qd6+ Kf7 32. Rf5+ 1-0

[Event "Accession Vitrolles 2017/2018"]
[Site "Vitrolles"]
[Date "2017.12.09"]
[Round "4"]
[White "Thiers, Jean-Jacques"]
[Black "Madranges, Jean"]
[Result "1-0"]
[WhiteElo "1669"]
[BlackElo "1767"]
[PlyCount "101"]

1. e4 d5 2. exd5 Nf6 3. d4 Bg4 4. Be2 Bxe2 5. Nxe2 Qxd5 6. O-O Nc6 7. Bf4 O-O-O
8. c3 g5 9. Be3 Ng4 10. Qc2 e6 11. Nd2 Rg8 12. h3 Nxe3 13. fxe3 f5 14. e4 fxe4
15. Qxe4 Bd6 16. Rf6 Rdf8 17. Qxe6+ Qxe6 18. Rxe6 g4 19. Rf1 Rxf1+ 20. Kxf1
Rf8+ 21. Kg1 gxh3 22. gxh3 Rg8+ 23. Kf2 Ne7 24. Ne4 Nf5 25. Nf6 Rf8 26. Nxh7
Rf7 27. Ng5 Rg7 28. Ne4 Kd7 29. Rf6 Nh4 30. Nxd6 cxd6 31. Ng3 Ke7 32. Rh6 Rxg3
33. Rxh4 Rg7 34. Rf4 b5 35. h4 Ke6 36. h5 Rh7 37. Rh4 Kf5 38. Kf3 Kg5 39. Rh2
Rf7+ 40. Ke4 Rf5 41. h6 d5+ 42. Kd3 Rf8 43. h7 Rh8 44. b3 Kg6 45. c4 bxc4+ 46.
bxc4 dxc4+ 47. Kxc4 Rxh7 48. Rxh7 Kxh7 49. Kd5 Kg7 50. Ke6 Kf8 51. Kd7 1-0

[Event "Accession Vitrolles 2017/2018"]
[Site "Vitrolles"]
[Date "2017.12.09"]
[Round "4"]
[White "Beraud, Robert"]
[Black "Battaglia, Gerard"]
[Result "0-1"]
[WhiteElo "1677"]
[BlackElo "1739"]
[PlyCount "87"]

1. e4 e6 2. d4 d5 3. Nd2 Nf6 4. e5 Ne4 5. Nxe4 dxe4 6. Bc4 Nd7 7. Ne2 Nb6 8.
Bb3 c5 9. c3 Bd7 10. Be3 cxd4 11. Bxd4 Bc6 12. O-O Be7 13. Re1 Bh4 14. Ng3 Bxg3
15. hxg3 Qg5 16. Qe2 Nd7 17. Qe3 Qg6 18. Bc2 Rc8 19. Bxe4 Bxe4 20. Qxe4 Qxe4
21. Rxe4 Nc5 22. Re3 b6 23. Rc1 Ke7 24. Kf1 Rhd8 25. Rd1 Na4 26. Rd2 Rd5 27.
Re1 f6 28. exf6+ gxf6 29. Rde2 Rc6 30. f4 Rf5 31. Rd1 Rd5 32. Red2 Kf7 33. Be3
Nxb2 34. Rxd5 exd5 35. Rxd5 Ke6 36. Rb5 Rxc3 37. Bd4 Rc1+ 38. Ke2 Nc4 39. f5+
Ke7 40. g4 Nd6 41. Rb2 Rc4 42. Kd3 Ra4 43. Re2+ Kf7 44. Re7+ 0-1

[Event "Accession Vitrolles 2017/2018"]
[Site "Vitrolles"]
[Date "2017.12.09"]
[Round "4"]
[White "Urcun, Gael"]
[Black "Rasolo, Loick"]
[Result "1-0"]
[WhiteElo "1721"]
[BlackElo "1734"]
[PlyCount "93"]

1. e4 c5 2. Nc3 e6 3. g3 d5 4. exd5 exd5 5. Bg2 Nf6 6. d3 Be7 7. Nge2 O-O 8.
O-O Nc6 9. Bg5 d4 10. Ne4 Nxe4 11. Bxe7 Qxe7 12. Bxe4 Ne5 13. Nf4 f5 14. Bd5+
Kh8 15. Re1 Qd6 16. Qh5 Ng4 17. Bf7 Nh6 18. Re8 Bd7 19. Rxa8 Rxa8 20. Re1 Rf8
21. Bd5 b6 22. Qg5 Re8 23. Rxe8+ Bxe8 24. Bf3 Qe5 25. h3 Ng8 26. g4 Qe1+ 27.
Kg2 fxg4 28. hxg4 Qe7 29. Qf5 Nf6 30. g5 Ng8 31. Be4 g6 32. Qg4 Bd7 33. Qh4 Kg7
34. Nd5 Qe6 35. f3 h6 36. gxh6+ Nxh6 37. Nf4 Qf6 38. Qg3 Kf8 39. Nxg6+ Kf7 40.
Bd5+ Be6 41. Be4 Bf5 42. Nh4 Be6 43. Qc7+ Qe7 44. Bg6+ Kf8 45. Qf4+ Kg7 46. Be4
Bf7 47. Qxh6+ 1-0

[Event "Accession Vitrolles 2017/2018"]
[Site "Vitrolles"]
[Date "2017.12.09"]
[Round "4"]
[White "Montanelli, Tristan"]
[Black "Duval, Jean-Pierre"]
[Result "1/2-1/2"]
[WhiteElo "1622"]
[BlackElo "1716"]
[PlyCount "83"]

1. e4 e6 2. b3 d5 3. Bb2 Nf6 4. e5 Nfd7 5. f4 c5 6. d4 Nc6 7. Nf3 cxd4 8. Nxd4
Bc5 9. Nxc6 bxc6 10. Bd4 Qb6 11. c3 Ba6 12. Nd2 Bxd4 13. cxd4 Bxf1 14. Nxf1 O-O
15. Ng3 c5 16. Ne2 Rfc8 17. O-O cxd4 18. Qxd4 Rc2 19. Qxb6 axb6 20. Nd4 Rd2 21.
Rfd1 Rxd1+ 22. Rxd1 Rxa2 23. Rc1 h6 24. Rc8+ Kh7 25. b4 Rb2 26. Nc6 Rc2 27. g3
g6 28. Rc7 Kg7 29. Rxd7 Rxc6 30. Rb7 d4 31. b5 Rc5 32. Rxb6 Rd5 33. Rd6 Rxb5
34. Rxd4 Rb2 35. h3 h5 36. h4 Rc2 37. Kf1 Kf8 38. Rd7 Ke8 39. Ra7 Rd2 40. Ra8+
Kd7 41. Ra7+ Ke8 42. Ra8+ 1/2-1/2

[Event "Accession Vitrolles 2017/2018"]
[Site "Vitrolles"]
[Date "2017.12.09"]
[Round "4"]
[White "Scamaroni, Jean-Paul"]
[Black "Derien, Robert"]
[Result "1-0"]
[WhiteElo "1595"]
[BlackElo "1572"]
[PlyCount "137"]

1. d4 Nf6 2. c4 e5 3. dxe5 Ng4 4. Nf3 Nc6 5. Bf4 Bb4+ 6. Nbd2 Qe7 7. e3 Ngxe5
8. Nxe5 Nxe5 9. Be2 d6 10. O-O Be6 11. Rc1 Bxd2 12. Qxd2 O-O 13. b4 c6 14. Rfd1
Rfd8 15. Qc3 Ng6 16. Bg3 d5 17. cxd5 Bxd5 18. a3 Rd7 19. Rd4 Rad8 20. Rcd1 a6
21. Qd2 Be6 22. Bd6 Qf6 23. Bc5 Qf5 24. Rxd7 Rxd7 25. Bd4 Rd6 26. Qc3 f6 27. f3
Bf7 28. e4 Qe6 29. Bc5 Rxd1+ 30. Bxd1 Ne5 31. Qd4 Qd7 32. Kf2 b5 33. Be2 Qxd4+
34. Bxd4 g5 35. g3 h5 36. f4 gxf4 37. gxf4 Nd7 38. Bf3 h4 39. e5 fxe5 40. fxe5
Bd5 41. Bxd5+ cxd5 42. e6 Nb8 43. Kf3 Nc6 44. Bc5 Kg7 45. e7 Kf7 46. Kf4 h3 47.
Kf5 Nxe7+ 48. Bxe7 Kxe7 49. Ke5 d4 50. Kxd4 Kd6 51. Ke4 Ke6 52. Kf4 Kd5 53. Kg3
Kc4 54. Kxh3 Kb3 55. Kg3 Kxa3 56. h4 Kxb4 57. h5 a5 58. h6 a4 59. h7 Kb3 60.
h8=Q b4 61. Qa1 a3 62. Kf3 a2 63. Ke3 Ka3 64. Kd3 Kb3 65. Kd2 Ka3 66. Kc1 b3
67. Qb2+ Kb4 68. Kd2 Kc5 69. Kc3 1-0

[Event "Accession Vitrolles 2017/2018"]
[Site "Vitrolles"]
[Date "2018.01.20"]
[Round "5"]
[White "Battaglia, Gerard"]
[Black "Urcun, Gael"]
[Result "0-1"]
[WhiteElo "1744"]
[BlackElo "1729"]
[PlyCount "116"]

1. d4 Nf6 2. c4 g6 3. Nc3 Bg7 4. e4 d6 5. f4 O-O 6. Be2 c5 7. d5 e6 8. Nf3 exd5
9. cxd5 Bg4 10. O-O Nbd7 11. a4 Re8 12. h3 Bxf3 13. Bxf3 Qa5 14. Bd2 c4 15. Re1
Nc5 16. Ra2 Nd3 17. Re2 Nd7 18. Nb5 Qd8 19. Qc2 a6 20. Nc3 Nb4 21. Qb1 Nxa2 22.
Qxa2 b5 23. e5 dxe5 24. d6 Rb8 25. axb5 axb5 26. Ne4 f5 27. Ba5 Qh4 28. g3 Qh6
29. Nc3 exf4 30. Nxb5 Rxe2 31. Qxc4+ Kf8 32. Qxe2 Re8 33. Qg2 fxg3 34. Bd2 f4
35. Nc7 Bd4+ 36. Kf1 Re5 37. Qxg3 Be3 38. Bxe3 Rxe3 39. Qg4 Rxf3+ 40. Qxf3 g5
41. Qa3 Qg6 42. Qa8+ Kg7 43. Qa3 Qe4 44. Qc3+ Kg6 45. Kf2 h5 46. Nb5 g4 47.
hxg4 hxg4 48. Nd4 g3+ 49. Kf1 Qh1+ 50. Ke2 Qh2+ 51. Kd1 Qh1+ 52. Kc2 Qe4+ 53.
Kd1 g2 54. Nf3 Qxf3+ 55. Qxf3 g1=Q+ 56. Kc2 Qc5+ 57. Kb1 Qxd6 58. Qg4+ Kf7 0-1

[Event "Accession Vitrolles 2017/2018"]
[Site "Vitrolles"]
[Date "2018.01.20"]
[Round "5"]
[White "Madranges, Jean"]
[Black "Beraud, Robert"]
[Result "1/2-1/2"]
[WhiteElo "1791"]
[BlackElo "1666"]
[PlyCount "71"]

1. f4 d5 2. Nf3 Nf6 3. g3 g6 4. Bg2 Bg7 5. O-O O-O 6. d3 c5 7. c3 Nc6 8. Na3
Rb8 9. Qe1 Re8 10. Ne5 Ng4 11. Nxg4 Bxg4 12. h3 Be6 13. e4 Qd7 14. Kh2 f5 15.
e5 d4 16. c4 Nb4 17. Qe2 a6 18. Nc2 Nxc2 19. Qxc2 Rec8 20. Bf3 b5 21. b3 bxc4
22. bxc4 Bf7 23. g4 e6 24. g5 Be8 25. h4 Qa4 26. Qe2 Bc6 27. h5 Bxf3 28. Rxf3
Rb7 29. Rh3 Rcb8 30. hxg6 hxg6 31. Qg2 Rb6 32. Kg3 Qd1 33. Kh2 Qa4 34. Kg3 Qd1
35. Kh2 Qa4 36. Kg3 1/2-1/2

[Event "Accession Vitrolles 2017/2018"]
[Site "Vitrolles"]
[Date "2018.01.20"]
[Round "5"]
[White "Rasolo, Loick"]
[Black "Montanelli, Tristan"]
[Result "1/2-1/2"]
[WhiteElo "1713"]
[BlackElo "1650"]
[PlyCount "98"]

1. d4 Nf6 2. Nf3 e6 3. c4 c5 4. g3 cxd4 5. Nxd4 Qb6 6. Nb3 Ne4 7. Qd4 Qxd4 8.
Nxd4 Bc5 9. e3 Bb4+ 10. Bd2 Nxd2 11. Nxd2 Bxd2+ 12. Kxd2 a6 13. Bg2 Nc6 14.
Rhe1 Rb8 15. a3 Nxd4 16. exd4 b6 17. b4 d6 18. a4 O-O 19. Bc6 Bb7 20. b5 a5 21.
Bxb7 Rxb7 22. Rac1 Rd8 23. Re3 e5 24. Rd3 e4 25. Re3 f5 26. Rec3 g5 27. Ke3 Rc7
28. c5 Rdc8 29. c6 d5 30. h4 g4 31. Kf4 h5 32. Kxf5 Kf7 33. Ke5 Rd8 34. R1c2
Re7+ 35. Kf5 Rc7 36. Re2 Rd6 37. Rd2 Rd8 38. Kf4 Ke6 39. Ke3 Rg8 40. Re2 Kd6
41. Kd2 Rf8 42. Ke1 Rcf7 43. c7 Rxc7 44. Rxc7 Kxc7 45. Rc2+ Kb7 46. Rc3 Rf7 47.
Ke2 Rf8 48. Ke1 Rf7 49. Ke2 Rf8 1/2-1/2

[Event "Accession Vitrolles 2017/2018"]
[Site "Vitrolles"]
[Date "2018.01.20"]
[Round "5"]
[White "Derien, Robert"]
[Black "Thiers, Jean-Jacques"]
[Result "1-0"]
[WhiteElo "1539"]
[BlackElo "1678"]
[PlyCount "59"]

1. e4 e5 2. Nf3 Nc6 3. c3 Nf6 4. d4 d6 5. d5 Nb8 6. Nbd2 Nbd7 7. Bb5 Be7 8. O-O
O-O 9. b4 a6 10. Be2 Re8 11. a4 Nf8 12. Nh4 Nxe4 13. Nxe4 Bxh4 14. g3 Be7 15.
f4 f5 16. Ng5 Ng6 17. Ne6 Bxe6 18. dxe6 Rf8 19. c4 Rf6 20. fxe5 Nxe5 21. Bb2 g6
22. b5 Rxe6 23. Qd4 Qc8 24. Rae1 Kf8 25. Bd1 c6 26. Qe4 cxb5 27. cxb5 axb5 28.
Bb3 Rf6 29. Qd5 Nf7 30. Bxf6 1-0

[Event "Accession Vitrolles 2017/2018"]
[Site "Vitrolles"]
[Date "2018.01.20"]
[Round "5"]
[White "Duval, Jean-Pierre"]
[Black "Scamaroni, Jean-Paul"]
[Result "1-0"]
[WhiteElo "1698"]
[BlackElo "1574"]
[PlyCount "90"]

1. d4 Nf6 2. c4 g6 3. Nc3 d5 4. e3 Bg7 5. cxd5 Nxd5 6. Bc4 Nxc3 7. bxc3 O-O 8.
Ne2 c6 9. O-O b5 10. Bb3 a5 11. Ba3 Na6 12. Ng3 Bb7 13. Rc1 Re8 14. Ne4 a4 15.
Bc2 Qd5 16. c4 Qxc4 17. Bb3 Qxf1+ 18. Kxf1 axb3 19. Qxb3 Rac8 20. Nc5 Nxc5 21.
Bxc5 e5 22. Qb4 exd4 23. Bxd4 Bxd4 24. Qxd4 Red8 25. Qb6 Ba8 26. Ke1 Rd3 27.
Rd1 Rxd1+ 28. Kxd1 c5 29. Qxb5 Bxg2 30. Kc1 Bd5 31. Qd7 Be6 32. Qb7 Rd8 33. a4
Bd5 34. Qc7 Ra8 35. Qxc5 Be6 36. Qb4 Rc8+ 37. Kb2 Bh3 38. Qb7 Rd8 39. a5 Rd2+
40. Kc3 Rxf2 41. a6 Bg2 42. Qb8+ Kg7 43. e4 Kh6 44. Qf8+ Kh5 45. Qc5+ f5 1-0